| 000 | 00000nam##2200000za#4500 |
| 001 | 9.680673 |
| 003 | CaOODSP |
| 005 | 20200330064547 |
| 007 | ta |
| 008 | 150407|1999||||xxc||||| f|0| 0 fre|d |
| 020 | |a0-662-83506-9 |
| 040 | |aCaOODSP|bfre |
| 043 | |an-cn--- |
| 086 | 1 |aD82-39/1999F |
| 110 | 1 |aCanada.|bProtection civile Canada. |
| 245 | 10|aSe préparer, non s'inquiéter : |bvous aussi pouvez vous préparer à affronter les urgences / |cPublié conjointement par la Croix-Rouge canadienne. |
| 260 | |aOttawa - Ontario : |bProtection civile Canada |c1999. |
| 300 | |a20p. : |bill. ; |c23 cm. |
| 563 | |aDépliant |
| 590 | |a99-28|b1999-07-16 |
| 691 | 07|aProtection civile|2gcpds |
| 775 | 08|tBe prepared not scared : |w(CaOODSP)9.647246 |
| 776 | 0#|tSe préparer non s'inquiéter |w(CaOODSP)9.639783 |